Estatísticas para Top 10 Artilheiros Clube Atlético Mineiro Copa do Brasil

Clique aqui para jogar o quiz

Estatísticas Gerais

  • Esse quiz foi jogado 52 vezes
    (43 desde o último reset)
  • A pontuação média é 6 de 10

Estatísticas das Respostas

N° GolsAnos que marcou golJogador% Correto
1021/22/23Hulk
100%
1409/10/11/14Diego Tardelli
91%
1600/01/02/03Guilherme
91%
614/18Luan
83%
1398/99/01/02/08/10Marques
83%
1295/96/97/05Euller
26%
1489/90/91Gérson
26%
698/00Lincoln
26%
602Rodrigo Beckham / Rodrigo
22%
903/05Fábio Junior
17%

Distribuição das Pontuações

Percentil de Números Respondidos

Porcentagem de Pessoas com Cada Pontuação

Sua Pontuação Histórica

Você não jogou esse quiz desde o último reset